000 00864nam0a22002771 4500
001 v19\rc\1995537
005 20251118181240.7
035 _a(NLR Aleph) 005071784
090 _a7103399
_c7103399
100 _a20080811d1914 u y0rusy50 ca
101 0 _arus
102 _aRU
105 _ay z |||a|
200 1 _aКандалы богатства, или Таинственный клад
_eРассказ Христофора Шухмина
210 _aМосква
_cА.С. Балашов
_d1914
215 _a48 с.
_d22
517 0 _aТаинственный клад
700 1 _aШухмин
_bХ.А.
_gХристофор Алексеевич
801 0 _aRU
_bNLR
_gpsbo
801 0 _aRU
_bRuMoRGB
_2psbo
801 1 _aRU
_bProSoft-M
_2rusmarc
852 _aNLR
_j37.55.6.243
899 _aRuMoRGB
_jМК
899 _aБАН
942 _cBOOK
980 _aNB